LEADER 01053nam a2200205 i 4500 001 000000199079 003 CaOOAMICUS 005 20110315000000.0 008 110315s1850 it u000 u ita u 013 $a177769 040 $aSeMil$bita 245 10$aSegno di gratulazione ed ossequio al molto reverendo signor canonico D. Camillo Armandi che la Quaresima dell'anno 1851 fu sacro oratore in Fusignano sua patria con generale ammirazione e plauso. 260 $aBagnacavallo :$bSerantoni e Grandi,$cstampa 1850. 300 $a23 p. ;$c21 cm. 500 $aSonetti di vari. 773 0 $t[Miscellanea.$w()24543 850 $aSeMil 852 $aSeMil$W1$xVenegono$y1$m5B I 20/11 FA$j149632$B149632$CSeMilBibl$Z2$F161013 $8I 996 $6245$aSegno di gratulazione ed ossequio al molto reverendo signor canonico D. Camillo Armandi che la Quaresima dell'anno 1851 fu sacro oratore in Fusignano sua patria con generale ammirazione e plauso$9(OLS)http://semarc/title/287823 996 $6260$aBagnacavallo :$bSerantoni e Grandi$9(OLS)http://semarc/publisher/37832 LEADER 01355nam a2200313 i 4500 001 000000100841 003 CaOOAMICUS 005 20180830171913.0 008 180830s1996 xx u000 u und u 013 $a72993 020 $a88-18-70133-9 040 $aSeMil$bita 100 0 $aPorphyrius,$d<233-305 ca.>.$0(OLS)http://semarc/name/11322 245 10$aSentenze sugli intellegibili. Versione latina di Marsilio Ficino in ap pendice. 260 $aMilano :$bRusconi,$c1996. 300 $a235 p. 490 0 $aTesti a fronte ;$v31 650 4$aAnima.$0(OLS)http://semarc/subject/1117 650 4$aMetafisica.$0(OLS)http://semarc/subject/188 650 4$aEnte - Filosofia.$0(OLS)http://semarc/subject/13564 650 4$aDio.$0(OLS)http://semarc/subject/4429 650 4$aMateria - Filosofia.$0(OLS)http://semarc/subject/9261 700 1 $aGirgenti, Giuseppe,$d<1967- >.$0(OLS)http://semarc/name/317 830 0$aTesti a fronte ;$v31.$0(OLS)http://semarc/title/593 850 $aSeMil 852 $aSeMil$W1$xVenegono$y1$m72 22 31 *$j57860$B57860$CSeMilBibl$Z2$F68352 $81 996 $6020$a88-18-70133-9$9(OLS)http://semarc/number/80650 996 $6245$aSentenze sugli intellegibili. Versione latina di Marsilio Ficino in ap pendice$9(OLS)http://semarc/title/147916 996 $6260$aMilano :$bRusconi$9(OLS)http://semarc/publisher/30258